Identification of Costs Structure Change in Road Transport Companies
Analýza súčasnej nákladovej situácie v dopravných spoločnostiach. Vplyv štruktúry nákladov na výpočet nákladov pomocou variabilných a fixných nákladov. Vplyv štruktúry nákladov na cenu pri dynamickej kalkulácii. Prieskum zmien štruktúry nákladov v cestnej nákladnej doprave.
Salvato in:
| Autore principale: | |
|---|---|
| Altri autori: | , , |
| Natura: | Capitolo di libro |
| Lingua: | inglese |
| Soggetti: | |
| Tags: |
Nessun Tag, puoi essere il primo ad aggiungerne!!
|
MARC
| LEADER | 00000naa a2200000 4500 | ||
|---|---|---|---|
| 001 | 0260234 | ||
| 005 | 20220715120531.1 | ||
| 041 | 0 | |a eng | |
| 044 | |a SK | ||
| 245 | 1 | 0 | |a Identification of Costs Structure Change in Road Transport Companies |c Miloš Poliak, Juraj Hammer, Kelvin Cheu, Marek Jaśkiewicz |
| 520 | |a Analýza súčasnej nákladovej situácie v dopravných spoločnostiach. Vplyv štruktúry nákladov na výpočet nákladov pomocou variabilných a fixných nákladov. Vplyv štruktúry nákladov na cenu pri dynamickej kalkulácii. Prieskum zmien štruktúry nákladov v cestnej nákladnej doprave. | ||
| 610 | 2 | 0 | |a doprava cestná nákladná |
| 610 | 2 | 0 | |a náklady |
| 610 | 2 | 0 | |a preprava |
| 610 | 2 | 0 | |a kalkulácia nákladov |
| 610 | 2 | 0 | |a náklady fixné |
| 100 | 1 | |a Poliak, Miloš | |
| 700 | 1 | |a Hammer, Juraj | |
| 700 | 1 | |a Cheu, Kelvin | |
| 700 | 1 | |a Jaśkiewicz, Marek | |